Ropné látky v ekosystéme : Aktuálne ekologické otázky E-97. Zborník prednášok zo seminára v Košiciach 20.5.1997

Salvato in:
Dettagli Bibliografici
Natura: Libro
Lingua:slovacco
Pubblicazione: Prešov : BIJO Slovensko s.r.o., 1997
Soggetti:
Tags: Aggiungi Tag
Nessun Tag, puoi essere il primo ad aggiungerne!!

MARC

LEADER 00000nam a22000003a 4500
001 stu75058
005 20150408161816.2
008 020315s1997----xo------------------slo-d
040 |a STU  |b slo 
041 0 |a slo 
044 |a xo 
080 |a 665.61+504.054(082) 
245 |a Ropné látky v ekosystéme :  |b Aktuálne ekologické otázky E-97. Zborník prednášok zo seminára v Košiciach 20.5.1997 
260 |a Prešov :  |b BIJO Slovensko s.r.o.,  |c 1997 
300 |a 71 s  |c príl 
650 7 |a Ekosystémy-ropa  |2 stusub 
650 7 |a ekológia  |2 stusub 
996 |b 284M034992  |c M*Z-1973  |l MMKN  |s A  |a 24  |w stu75058_0001